000 00639nam a2200217 a 4500
999 _c5699
_d5699
001 5699
003 BD-JhCC
005 20180403110252.0
008 171219s2008 b a|||| || | 000 0 eng d
035 _a(BD-JhCC)5699
040 _aBD-JhCC
_dBD-JhCC
041 _aeng
082 _a510
_bAZA 2008
100 _aAzad, Md. Abul Kalam
245 _aAn Infinite Aspiration to Mathematics :
_bSecondary Higher Mathematics(Algebra & Geometry)for Class Nine & Ten /
_cMd. Abul Kalam Azad,
260 _aDhaka :
_bSkew Publication,
_c2008.
300 _a203 p. :
_bill. ;
_c21 cm.
650 _aMathematics
942 _2ddc
_cBK